Statystyki dla 1 liga polska w piłce nożnej 2019-2020 - Kluby

Kliknij tutaj aby rozwiązać quiz!

Ogólne statystyki

  • Ten quiz został rozwiązany 394 razy
  • Średni wynik to 11 z 18

Statystyki odpowiedzi

lp.Klub% Poprawnych
1Bruk-Bet Termalica
76%
6Miedź Legnica
75%
18Zagłębie Sosnowiec
74%
11Podbeskidzie Bielsko Biała
70%
16Warta Poznań
70%
13Radomiak Radom
66%
9PGE FKS Stal Mielec
65%
14Sandecja Nowy Sącz
64%
15Stomil Olsztyn
62%
5GKS Tychy
61%
2Chojniczanka Chojnice
59%
7Odra Opole
59%
10PGE GKS Bełchatów
57%
3Chrobry Głogów
56%
17Wigry Suwałki
54%
8Olimpia Grudziądz
51%
12Puszcza Niepołomice
48%
4GKS 1962 Jastrzębie
45%

Rozkład punktacji

Percentyl według liczby udzielonych odpowiedzi

Procent ludzi z każdym wynikiem

Twoja historia wyników

Nie rozwiązałeś tego quizu